<?xml version="1.0" encoding="UTF-8"?>
<record
    xmlns:xsi="http://www.w3.org/2001/XMLSchema-instance"
    xsi:schemaLocation="http://www.loc.gov/MARC21/slim http://www.loc.gov/standards/marcxml/schema/MARC21slim.xsd"
    xmlns="http://www.loc.gov/MARC21/slim">

  <leader>03799nam a2200313   4500</leader>
  <datafield tag="999" ind1=" " ind2=" ">
    <subfield code="c">8609</subfield>
    <subfield code="d">8609</subfield>
  </datafield>
  <controlfield tag="001">22682</controlfield>
  <controlfield tag="003">BD-DhUAP</controlfield>
  <controlfield tag="005">20250624104556.0</controlfield>
  <controlfield tag="008">150624s2010    sz abe   b    000 0 eng  </controlfield>
  <datafield tag="020" ind1=" " ind2=" ">
    <subfield code="a">9783034605250 (hbk.)</subfield>
  </datafield>
  <datafield tag="020" ind1=" " ind2=" ">
    <subfield code="a">3034605250 (hbk.)</subfield>
  </datafield>
  <datafield tag="040" ind1=" " ind2=" ">
    <subfield code="a">UKM</subfield>
    <subfield code="b">eng</subfield>
    <subfield code="c">BD-DhUAP</subfield>
    <subfield code="d">BD-DhUAP</subfield>
    <subfield code="e">BD-DhUAP</subfield>
  </datafield>
  <datafield tag="082" ind1="0" ind2="4">
    <subfield code="a">690.24094 OLD</subfield>
    <subfield code="2">22</subfield>
  </datafield>
  <datafield tag="245" ind1="0" ind2="0">
    <subfield code="a">Old &amp; new :</subfield>
    <subfield code="b">design manual for revitalizing existing buildings /</subfield>
    <subfield code="c">Frank Peter J&#xE4;ger (ed.).</subfield>
  </datafield>
  <datafield tag="246" ind1="3" ind2=" ">
    <subfield code="a">Old and new</subfield>
  </datafield>
  <datafield tag="246" ind1="3" ind2="0">
    <subfield code="a">Design manual for revitalizing existing buildings</subfield>
  </datafield>
  <datafield tag="260" ind1=" " ind2=" ">
    <subfield code="a">Basel :</subfield>
    <subfield code="b">Birkh&#xE4;user,</subfield>
    <subfield code="c">&#xA9;2010.</subfield>
  </datafield>
  <datafield tag="300" ind1=" " ind2=" ">
    <subfield code="a">192 pages :</subfield>
    <subfield code="b">illustrations (some color), maps ;</subfield>
    <subfield code="c">30 cm</subfield>
  </datafield>
  <datafield tag="504" ind1=" " ind2=" ">
    <subfield code="a">Includes bibliographical references page 190).</subfield>
  </datafield>
  <datafield tag="505" ind1="0" ind2=" ">
    <subfield code="a">In dialogue between epochs: introduction / Frank Peter J&#xE4;ger -- "A gift from the past": interview / conversation with Peter and Christian Br&#xFC;ckner, Claudia Meixner and Florian Schl&#xFC;ter -- Three examples from the work of RKW / Carsten Sauerbrei --- Refurbishing school and university buildings / Susanne Rexroth -- Renovating modern movement facades / Uta Pottgiesser, Julia Kirch -- Working on existing buildings: experience gained by a structural engineer / Rainer Hempel -- Three refurbishment stories from Baroque to Bauhaus / Winfried Brenne, Franz Jaschke -- Addition : W&#xFC;rzburg Cogeneration Plant / Br&#xFC;ckner &amp; Br&#xFC;ckner Architekten ; Pier Arts Centre / Reiach and Hall Architects ; Cafeteria in the Zeughaus Ruin / Kassel Building Dept., Hans-Joachim Neuk&#xE4;ter ; Museum Kunst der Westk&#xFC;ste / Sunder-Plassmann Architekten ; Roof for the Kleiner Schlosshof / Peter Kulka Architektur ; Enschede Culture Cluster / SeARCH ; Neo Leo Vertical Living / L&#xFC;derwaldt Verhoff Architekten ; Rosa am Lend / Innocad Architekten ; Franz Mehring School / RKW Architektur + St&#xE4;dtebau ; Chesa Albertini / Hans-J&#xF6;rg Ruch Architektur -- Transformation : Punta della Dogana / Tadao Ando Architect &amp; Associates ; Rossio Railway Station ; Broadway Malyan ; Sparkasse Berchtesgadener Land / Bolwin Wulf Architekten ; Weinstadt Town Hall / COAST office architecture ; Heuried Residential Complex / Adrian Streich Architekten ; Lesezeichen Salbke / KARO* Architekten ; Bachmann Confiserie / HHF Architects ; School in Dagmersellen / Peter Affentranger Architekt ; Blumen Primary School &amp; Bernhard Rose School / huber staudt architects bda ; University of Stuttgart's K II Building / Heinie, Wischer und Partner ; Institute of Vegetable and Ornamental Crops / Numrich Albrecht Klumpp Architekten ; Siesmayerstrasse Office Building / schneider+schneider -- Conversion : Fahle Building / KOKO Architektid ; Andel's Hotel Lodz / OP Architekten ; Gymnasium in a hangar / Numrich Albrecht Klumpp Architekten ; Wildau Laboratory Building / Anderhalten Architekten ; Alv&#xE9;ole 14 Cultural Center / LIN Finn Geipel + Giulia Andi ; Zehdenick Brickworks Museum / Duncan McCauley ; Selexyz Dominicanen Bookstore / Merkx + Girod Architecten ; St. Joseph's House at Waldsassen Abbey / Br&#xFC;ckner &amp; Br&#xFC;ckner Architekten ; Library in Ebracher Hof / Bruno Fioretti Marquez Architekten ; Terra Mineralia in Freudenstein Castle / AFF Architekten.</subfield>
  </datafield>
  <datafield tag="520" ind1="8" ind2=" ">
    <subfield code="a">This title features practical organization of example projects according to the renovation approach, provides architects with helpful information for design and planning, and addresses topics of current interest such as energy optimization in existing building stock.</subfield>
  </datafield>
  <datafield tag="650" ind1=" " ind2="0">
    <subfield code="a">Buildings</subfield>
    <subfield code="x">Remodeling for other use</subfield>
    <subfield code="z">Europe.</subfield>
  </datafield>
  <datafield tag="650" ind1=" " ind2="0">
    <subfield code="a">Buildings</subfield>
    <subfield code="x">Repair and reconstruction</subfield>
    <subfield code="z">Europe.</subfield>
  </datafield>
  <datafield tag="650" ind1=" " ind2="4">
    <subfield code="a">Arquitectura</subfield>
    <subfield code="x">Conservaci&#xF3;n y restauraci&#xF3;n</subfield>
    <subfield code="z">Europa.</subfield>
  </datafield>
  <datafield tag="650" ind1=" " ind2="7">
    <subfield code="a">Buildings</subfield>
    <subfield code="x">Remodeling for other use.</subfield>
  </datafield>
  <datafield tag="650" ind1=" " ind2="7">
    <subfield code="a">Buildings</subfield>
    <subfield code="x">Repair and reconstruction.</subfield>
  </datafield>
  <datafield tag="700" ind1="1" ind2=" ">
    <subfield code="a">J&#xE4;ger, Frank Peter,</subfield>
    <subfield code="d">1969-</subfield>
  </datafield>
  <datafield tag="942" ind1=" " ind2=" ">
    <subfield code="2">ddc</subfield>
    <subfield code="c">BK</subfield>
  </datafield>
  <datafield tag="952" ind1=" " ind2=" ">
    <subfield code="0">0</subfield>
    <subfield code="1">0</subfield>
    <subfield code="2">ddc</subfield>
    <subfield code="4">0</subfield>
    <subfield code="7">0</subfield>
    <subfield code="a">UAPCL</subfield>
    <subfield code="b">UAPCL</subfield>
    <subfield code="c">General Stacks</subfield>
    <subfield code="d">2025-06-24</subfield>
    <subfield code="o">690.24094 OLD</subfield>
    <subfield code="p">3010022682</subfield>
    <subfield code="r">2025-06-24</subfield>
    <subfield code="t">1</subfield>
    <subfield code="v">12500.00</subfield>
    <subfield code="w">2025-06-24</subfield>
    <subfield code="y">BK</subfield>
  </datafield>
</record>
